Non-English Words that you may know because of Geography - Statistics

General Stats
  • This quiz has been taken 25 times
  • The average score is 17 of 46
Answer Stats
Hint Answer % Correct
Île Island
95%
Isla Island
95%
Golfo Gulf
91%
San/Sao/Santo/Santa Saint
82%
Sicilia Sicily
82%
Nipon/Nihon Japan
77%
Sardegna Sardinia
77%
Archipel Archipelago
73%
Fuego Fire
68%
Tiera Land
68%
Uluru Ayers Rock
55%
Zhongguo China
55%
Stan Land
55%
Bharat India
36%
Baja Peninsula
36%
Europe French
32%
Europe French
32%
Europe Italian
32%
Europe Italian
32%
Oceania Maori
32%
Oceania Maori
32%
Europe Spanish
32%
Europe Spanish
32%
Europe Spanish
32%
Europe Spanish
32%
Europe Spanish
32%
Europe German
27%
Asia Japanese
27%
Asia Mandarin/Chinese
27%
Europe Spanish/Portuguese
27%
Asia Hindi
23%
Te-Ika-A-Maui North Island
23%
Eurasia Russian
23%
Te-Waiponamu South Island
23%
Ostrov/Ostrova Island
18%
Ozero Lake
18%
Colorado Red Color
14%
Eurasia Russian
14%
Asia Urdu
14%
Asia Arabic
5%
Burg Fort
5%
North America Algonquian
0%
Amirat Emirate
0%
Europe Latin
0%
Québec Narrow Passage
0%
Oceania Pitjantjatjara
0%
No matching quizzes found
Score Distribution
Percent of People with Each Score
Percentile by Number Answered
Your Score History
You have not taken this quiz